| 000 | 00431 a2200157 4500 | ||
|---|---|---|---|
| 001 | 158662 | ||
| 020 | _a | ||
| 040 | _cMagnum | ||
| 100 | _aMello, Antenor Vieira de | ||
| 240 | 1 | 0 |
_aNova enciclopedia da lingua portuguesa/v.6 - dicionario de oratoria e _lpor |
| 245 | 1 | 0 | _aNova enciclopedia da lingua portuguesa/v.6 - dicionario de oratoria e |
| 362 | 0 | _a1899 | |
| 440 | 1 | _aDo Brasil | |
| 697 | _aENCICLOPEDIAS | ||
| 942 | _cBK | ||
| 999 |
_c158662 _d158662 |
||